000 00750nam a22001817a 4500
999 _c371900
_d371900
008 201127b ||||| |||| 00| 0 eng d
040 _aDE-2950
_bger
_cDE-2950
_erda
041 _ager
245 _aDer Standort Frankfurt kämpft um Anschluss.
_bZukunftsatlas. In einem bundesweiten Ranking belegt die Stadt weiter einen der hinteren Ränge. Zukunftsrisiken überwiegen - aber es gibt auch Lichtblicke/
_cThomas Gutke
264 _c2022
653 _aFrankfurt (Oder)
653 _aZukunftsatlas
773 _dFrankfurt (Oder) Märkisches Verlags- und Druckhaus GmbH & Co KG
_tMärkische Oderzeitung
_g33. Jahrgang (2022) Nr. 232 vom 5.10.2022, S. 13; Foto
942 _cA